| 000 | 00723nas a2200241 i 4500 | ||
|---|---|---|---|
| 001 | 2227 | ||
| 003 | ES-MaACL | ||
| 005 | 20250721062543.0 | ||
| 007 | t| | ||
| 008 | 950801c1913 sp | | 1 ||pa d | ||
| 022 | _a2480-2255 | ||
| 080 | _a460 | ||
| 245 | 0 | 3 |
_aLa Semana financiera : _brevista de hacienda-banca-bolsa-industria-mercados / _cdir. Carlos Caamaño. |
| 260 |
_aMadrid : _bImp. Moderna, _c1913- |
||
| 300 |
_a18 v. ; _c29 cm. |
||
| 310 | _aSemanal | ||
| 362 | 0 | _aAño I (1913)- | |
| 650 | 1 | 7 |
_aEconomía _2embne _912006 |
| 700 | 1 |
_aCaamaño, Carlos, _edir. _933042 |
|
| 852 |
_aES-MaACL _jHem-393 |
||
| 866 | 0 | _o(1915f.n.86y97y100y106),1918-32,(1935f.n.1139y1186y1190)(1936). | |
| 999 |
_c2227 _d2227 |
||